<?xml version="1.0" encoding="UTF-8"?>
<marc:record xmlns:marc="http://www.loc.gov/MARC21/slim">
   <marc:leader>00000nam a2200000 a 4500</marc:leader>
   <marc:datafield ind1=" " ind2=" " tag="653">
      <marc:subfield code="a">Lieder</marc:subfield>
   </marc:datafield>
   <marc:datafield ind1=" " ind2=" " tag="653">
      <marc:subfield code="a">Tonies-Hörbuch</marc:subfield>
   </marc:datafield>
   <marc:datafield ind1=" " ind2=" " tag="653">
      <marc:subfield code="a">gesungen</marc:subfield>
   </marc:datafield>
   <marc:datafield ind1="0" ind2="0" tag="245">
      <marc:subfield code="a">Bummelkasten</marc:subfield>
   </marc:datafield>
   <marc:datafield ind1="0" ind2="0" tag="245">
      <marc:subfield code="b">Irgendwas bestimmtes</marc:subfield>
   </marc:datafield>
   <marc:datafield ind1=" " ind2="1" tag="264">
      <marc:subfield code="a">Hamburg</marc:subfield>
      <marc:subfield code="b">Oetinger Media GmbH.</marc:subfield>
      <marc:subfield code="c">2017</marc:subfield>
   </marc:datafield>
   <marc:datafield ind1="1" ind2=" " tag="520">
      <marc:subfield code="a">Rolltreppenmax ist ein regelrechter Gassenhauer.&lt;br/&gt;Das Lied über den rolltreppefahrenden Klopapierdieb mit hellblauer Mütze und Lutscher hinterm Ohr sorgt für endlose Dauerschleifen in Wohnzimmern, Schulhofgärten und Autoradios. &lt;br/&gt;Auf YouTube knackt Bummelkasten mit seinen irrwitzigen und zugleich kunstvollen Musikvideos die Millionenmarke.&lt;br/&gt;Mit Irgendwas Bestimmtes beschert euch die singende &lt;br/&gt;Ein-Mann-Band ihr erstes Album - mit allen Ecken und Kanten:&lt;br/&gt;10 komplett mundgemachte Songs bestechen hier mit viel Liebe zum Detail, schrägen Charaktern, ohrwurmigen Kompositionen, buntem Kopfkino, unverschämt guten Texten und einem Sound, der sich nicht gewaschen hat! &lt;br/&gt;Generationsübergreifend, suchtgefährdend und pädagogisch vollkommen wertlos - ganz bestimmt!</marc:subfield>
   </marc:datafield>
   <marc:datafield ind1=" " ind2=" " tag="020">
      <marc:subfield code="a">4251192105066</marc:subfield>
      <marc:subfield code="9">4251192105066</marc:subfield>
   </marc:datafield>
   <marc:datafield ind1=" " ind2=" " tag="041">
      <marc:subfield code="a">ger</marc:subfield>
   </marc:datafield>
   <marc:datafield ind1="1" ind2=" " tag="521">
      <marc:subfield code="a">0</marc:subfield>
   </marc:datafield>
   <marc:datafield ind1=" " ind2=" " tag="300">
      <marc:subfield code="a">ca. 49 minuten</marc:subfield>
   </marc:datafield>
</marc:record>
